| 000 | 00442nam a22001817a 4500 | ||
|---|---|---|---|
| 005 | 20230831193244.0 | ||
| 008 | 230831b |||||||| |||| 00| 0 eng d | ||
| 020 | _a9788120337602 | ||
| 082 |
_a621.31244 _bSOL-S |
||
| 100 | _aSolanki, Chetan Singh | ||
| 245 | _aSolar Photovoltias | ||
| 260 |
_aIndia _bPHI _c2009 |
||
| 300 | _a477 | ||
| 500 | _aIncluide index | ||
| 650 | _aEngineering | ||
| 700 | _aChetan Singh Solanki | ||
| 999 |
_c33363 _d33363 |
||